000 00635nam a2200217Ia 4500
003 SISC
005 20160715152419.0
008 150610s9999 xx 000 0 und d
020 _a9781250053992
050 _aPZ 7
_b.R79613 Ele 2013
100 _aRowell, Rainbow
245 _aEleanor & Park /
_cRainbow Rowell.
260 _aNew York : 
_bSt. Martin's Griffin,
_c2013.
300 _a328 pages ;
_c21 cm.
520 _aFiction.
650 _aDating (Social customs)
_xFiction.
650 _aHigh schools
_xFiction.
650 _aOmaha (Neb) _History_20th century
_bFiction.
650 _aSchools
_bFiction.
942 _2lcc
_cBK
999 _c287824
_d287824